| Tag |
First Indicator |
Second Indicator |
Subfields |
| LEADER |
00000cam a2200000 a 4500 |
| 001 |
in00000092125 |
| 005 |
20151008064158.0 |
| 008 |
790108s1978 fr c 00011 rusmd |
| 035 |
|
|
|a (OCoLC)04532480
|
| 035 |
|
|
|9 AAK3684AM
|
| 040 |
|
|
|a DRB
|c DRB
|d OCL
|d m.c.
|d TXA
|d UtOrBLW
|
| 049 |
|
|
|a TXAM
|c [1442621]
|
| 090 |
|
|
|a PG3476.D613
|b F3
|
| 100 |
1 |
|
|a Dombrovskiĭ, I︠U︡riĭ Osipovich.
|
| 245 |
1 |
0 |
|a Fakultet nenuzhnykh veshchei /
|c IU. Dombrovskii.
|
| 264 |
|
1 |
|a Paris :
|b YMCA-Press,
|c [1978]
|
| 264 |
|
4 |
|c ©1978
|
| 300 |
|
|
|a 476 pages :
|b portrait ;
|c 22 cm.
|
| 336 |
|
|
|a text
|b txt
|2 rdacontent
|
| 337 |
|
|
|a unmediated
|b n
|2 rdamedia
|
| 338 |
|
|
|a volume
|b nc
|2 rdacarrier
|
| 500 |
|
|
|a In Cyrillic characters.
|
| 999 |
|
|
|a MARS
|
| 999 |
f |
f |
|s 8411f238-f96a-337e-8a88-98ef51fdd35d
|i 288a96b9-4c74-3acc-a51b-be496b861dd8
|t 0
|
| 952 |
f |
f |
|p normal
|a Texas A&M University
|b College Station
|c Sterling C. Evans Library
|d Evans: Library Stacks
|t 0
|e PG3476.D613 F3
|h Library of Congress classification
|i unmediated -- volume
|m A14806175745
|
| 998 |
f |
f |
|a PG3476.D613 F3
|t 0
|l Evans: Library Stacks
|